[Event "La Fere op 11th"]
[Site "La Fere"]
[Date "2012.07.09"]
[Round "3"]
[White "Rodrigues, Michel"]
[Black "Cossutta, Nello"]
[Result "1-0"]
[WhiteElo "1697"]
[BlackElo "1455"]
[PlyCount "145"]
[EventDate "2012.07.07"]
[EventType "swiss"]
[EventRounds "9"]
[EventCountry "FRA"]
[SourceTitle "CBM 149 Extra"]
[Source "ChessBase"]
[SourceDate "2012.08.24"]
[SourceVersion "1"]
[SourceVersionDate "2012.08.24"]
[SourceQuality "1"]

1. e4 c5 2. c3 d6 3. Nf3 Nf6 4. Be2 Nxe4 5. Qa4+ Nc6 6. Qxe4 g6 7. Qc2 Bg7 8. 0-0 0-0 9. d3 Bd7 10. Be3 a6 11. Nbd2 b5 12. d4 cxd4 13. Nxd4 Nxd4 14. Bxd4 Bxd4 15. cxd4 Rc8 16. Qb3 Be6 17. d5 Bf5 18. Rac1 Rc5 19. Rxc5 dxc5 20. Rc1 Qb6 21. Qe3 Qf6 22. Qc3 Qd6 23. Qxc5 Rc8 24. Qxc8+ Bxc8 25. Rxc8+ Kg7 26. Bf3 Qb4 27. Rc2 Qa4 28. b3 Qd4 29. g3 f5 30. Nf1 Qd3 31. Ne3 g5 32. Be2 Qe4 33. Rd2 f4 34. Bd3 Qb4 35. Nf1 fxg3 36. hxg3 Qc3 37. Bf5 a5 38. Bd3 b4 39. Bc4 h5 40. Re2 Kf8 41. Ne3 Qf6 42. Ng2 h4 43. g4 h3 44. Ne3 Qf4 45. Kh1 Qf3+ 46. Kh2 Ke8 47. Rc2 Qf4+ 48. Kxh3 Qf3+ 49. Kh2 Qf4+ 50. Kg1 Qe4 51. Bb5+ Kd8 52. Bc6 Qd4 53. Kf1 Qd3+ 54. Ke1 Qd4 55. Ke2 Qe5 56. Kd3 Qf4 57. Bb7 Ke8 58. Bc8 Kf7 59. Be6+ Kg7 60. Bf5 Qd6 61. Rc6 Qf4 62. Rc2 Qe5 63. f3 Qg3 64. Be4 Qe5 65. Nf5+ Kf7 66. Nd4 Qb8 67. Kc4 Qc8+ 68. Kb5 Qb8+ 69. Ka4 Qe8+ 70. Kxa5 Qd8+ 71. Kxb4 Qb6+ 72. Kc3 Qa5+ 73. Kb2 1-0